00882nam a2200181 a 450000100100000000500170001000800410002704000250006808200140009310000290010724500820013626000830021830000290030149001170033083001240044795201120057199900170068300004104220201002034556.0130913s1985 sp ac 000 0 spa d aDO-SdBNPbspacBNPHU axxxbxxxx1 aMarías, Fernando9281313aLa arquitectura del renacimiento en Toledo (1541-1631). /cFernando Marías. aMadrid :bInstituto provincial de investigaciones y estudios Toledanos,c1985. av :bil, retr. ;c24 cm.1 aPublicaciones del instituto provincial de investigaciones y estudios toledanos, serie primera, monografíasv10 0aPublicaciones del instituto provincial de investigaciones y estudios toledanos, serie primera, monografíasv10967535 001050718MOaGRbGRcCTd2013-09-13iLF1l0oxxx xxxxp41042-10r2020-06-25w2020-06-25y1ZNo se presta c40532d40532